Statistics for Small Icon Quiz

Click here to take the quiz!

General Stats

  • This quiz has been taken 209 times
  • The average score is 10 of 17

Answer Stats

CountryBallon D'orWorld CupsIcon Name% Correct
Brazil03Pele
96%
Brazil22Ronaldo
93%
France11Zinedine Zidane
91%
Brazil11Ronaldinho
83%
Hungary00Ferenc Puskas
77%
Holland30Johan Cruyff
75%
Russia10Lev Yashin
63%
Italy00Paolo Maldini
58%
Germany11Gerd Muller
55%
Portugal10Eusebio
53%
North Ireland10George Best
49%
France01Thierry Henry
44%
Holland10Ruud Gullit
34%
Spain01Xavi
34%
Germany01Lothar Matthaus
33%
Brazil02Garrincha
32%
Brazil01Capita
3%

Score Distribution

Percentile by Number Answered

Percent of People with Each Score

Your Score History

You have not taken this quiz